| 000 | 00828nam a2200205Ii 4500 | ||
|---|---|---|---|
| 003 | JO-AjNU | ||
| 008 | 230605s9999||||xx |||||||||||||| ||und|| | ||
| 017 | _a2010/1/201 | ||
| 040 |
_aJO-AjNU _bara _erda _cJO-AjNU |
||
| 041 | _aara | ||
| 050 | 1 | 4 | _aHC79.I55.T32.2010 |
| 100 | 3 |
_aمنسق احمد الطعاني؛ مشرف انور البطيخي, _eauthor _945186 |
|
| 245 | 0 | 0 | _aتكنولوجيا المعلومات:وقائع المؤتمر الرابع للبحث العلمي في الاردن(الاوراق العلمية المحكمة) |
| 264 | 3 | 1 | _aعمان:د.ن،2010 |
| 300 | _a98عربي/58انجليزي | ||
| 336 |
_atext _btxt _2rdacontent |
||
| 337 |
_aunmediated _bn _2rdamedia |
||
| 338 |
_avolume _bnc _2rdacarrier |
||
| 650 | 4 |
_aتكنولوجيا المعلومات-الاردن-مؤتمرات _945187 |
|
| 999 |
_aA19568 _c23136 _d23136 |
||